00505nam a2200229Ia 4500003000900000005001700009008004100026040001300067040001300080041000800093100002000101100001000121245003800131250001200169260001300181260000900194300001100203300001200214490000600226700002300232700002000255IT-RoPAU20220918175813.0120407s9999 xx 000 0 und d aIT-RoPAU cIT-RoPAU aita aClara Di Meglio ccoll. aIl sesso in confessionale 5a ed.  aPadova  aMarsilio c1973 a261 p. c21,5 cm v1 aNorberto Valentini aClara Di Meglio